000 00635nam a2200169Ia 4500
008 090711s9999 xx 000 0 und d
082 _b52182
100 _aकुलकर्णी नलिनी द. (संपा.)
245 _aश्रेष्ठ शास्त्रज्ञ
260 _c1985
300 _a128
600 _aकुलकर्णी नलिनी द. (संपा.)
630 _aश्रेष्ठ शास्त्रज्ञ
700 _aकुलकर्णी नलिनी द. (संपा.)
730 _aश्रेष्ठ शास्त्रज्ञ
942 _cBOOK
999 _c318889
_d318889